|
|
|
|
| LEADER |
00801nab a2200217 i 4500 |
| 001 |
publ1196 |
| 005 |
20180706120418.0 |
| 008 |
120905s2011 hu o 0|| zxx d |
| 022 |
|
|
|a 1381-1991
|
| 024 |
7 |
|
|a 10.1007/s11030-010-9276-z
|2 doi
|
| 024 |
7 |
|
|a 1679444
|2 mtmt
|
| 040 |
|
|
|a SZTE Publicatio Repozitórium
|b hun
|
| 041 |
|
|
|a zxx
|
| 100 |
1 |
|
|a Ötvös Sándor Balázs
|
| 245 |
1 |
0 |
|a Highly selective deuteration of pharmaceutically relevant nitrogen-containing heterocycles
|h [elektronikus dokumentum] :
|b a flow chemistry approach /
|c Ötvös Sándor Balázs
|
| 260 |
|
|
|a Springer
|c 2011
|
| 300 |
|
|
|a 605-611
|
| 490 |
0 |
|
|a Molecular Diversity
|v 15 No. 3
|
| 700 |
0 |
1 |
|a Mándity István
|e aut
|
| 700 |
0 |
1 |
|a Fülöp Ferenc
|e aut
|
| 856 |
4 |
0 |
|u http://publicatio.bibl.u-szeged.hu/1196/1/1679444.pdf
|z Dokumentum-elérés
|